Obras Completas

সংরক্ষণ করুন:
গ্রন্থ-পঞ্জীর বিবরন
প্রধান লেখক: Dostoievski, Fedor (Author)
বিন্যাস: গ্রন্থ
ভাষা:স্প্যানিশ
প্রকাশিত: Madrid Aguilar 1966
সংস্করন:9a. ed
বিষয়গুলি:
ট্যাগগুলো: ট্যাগ যুক্ত করুন
কোনো ট্যাগ নেই, প্রথমজন হিসাবে ট্যাগ করুন!

MARC

LEADER 00000nam a2200000 a 4500
001 UCO4871
003 CL-VaPUC
008 000825e19660000SP |||||||||||||||||spa|d
082 0 4 |a 891.703  |b DOS  |2 21 
100 |a Dostoievski, Fedor  |e author  |9 267773 
245 1 0 |a Obras Completas 
250 |a 9a. ed 
300 |a v 
942 |c BK 
945 |d 20000825 00:00:00  |a crobeson 
260 |a Madrid  |b Aguilar  |c 1966 
500 |a v.2: 1866-1876 
650 0 |a Novelas rusas   |9 316330 
650 0 |a Literatura rusa  |9 318370 
583 |a last modification  |c 20000825 00:00:00  |k Rodrigo Vera 
999 |c 290836  |d 290834 
952 |0 0  |1 0  |4 0  |6 891_703000000000000_DOS_1966  |7 0  |8 A  |9 340443  |a BIBART  |b BIBART  |d 2019-11-20  |h v.2  |i 121618K  |o 891.703 DOS 1966  |p 121618K  |r 2025-03-13  |w 2019-11-20  |y BK  |k ART 
952 |0 0  |1 0  |4 0  |6 891_703000000000000_DOS_1966  |7 0  |8 A  |9 340444  |a BIBART  |b BIBART  |d 2019-11-20  |h v.1  |i 4141997  |o 891.703 DOS 1966  |p 4141997  |r 2025-03-13  |w 2019-11-20  |y BK  |k ART